000 01564cam a22004574i 4500
003 PE-LiUPU
005 20250731172720.0
008 150617s1982 miu r 000 0 eng d
020 _a0802814077
035 _a(Sirsi) i9780802814074
040 _aPE-LiUPU
_bspa
_cPE-LiUPU
_erda
049 _aPRUA
082 0 4 _a225.07
_bT
_221
100 1 _aTasker, R.V.G.,
_eautor.
245 1 4 _aThe Second Epistole of Paul to the Corinthians /
_cuna introducción y comentario por R. V. G. Tasker.
264 1 _aMichigan :
_bEerdmans Publishing Company,
_c1982.
300 _a192 páginas ;
_c19 centímetros.
336 _atext
_2rdacontent
337 _aunmediated
_2rdamedia
338 _avolume
_2rdacarrier
490 0 _a(Tyndale New Testament Commentaries ;
_v8)
500 _aEn cubierta: “A concise, workable tool for laymen, teachers and ministers”
505 0 _aGeneral Preface -- Author's Preface -- Introduction: the occasion and of 2 Corinthians, the integrity of 2 Corinthians -- Commentary.
526 _aSEG42
526 _aSEG41
526 _aSEG40
526 _aSEG39
526 _aP94
526 _aP87
526 _aP86
526 _aP85
526 _aP77
526 _aP76
526 _aP35
630 0 _aBiblia.
_pII Corintios
_xCrítica, interpretación, etc.
_91658
910 _ajck
942 _2ddc
_cBK
949 _a225.07 T 8
_wDEWEY
_c1
_i21825
_lCCODEBUL1
_mBUL
_r0
_sY
_tBOOK
_u2015-6-17
_xTEOLOGIA
_0COMPRA
_o.STAFF. Colección General
980 _81
_gALBERTO SANCHEZ Responsable de Automatización
999 _c1131
_d1131